00547nam a2200193 a 450000100060000000300090000600800410001502000150005604000280007108200090009910000230010824500550013126000290018630000110021549000350022665000330026165000240029465000350031820084CO-ViMGA141112s2004 ck r 000 u spa d a8466713174 aCO-ViMGAbspacCO-ViMGA04aGRAc1 aGranier, Christian10aCuentos y leyendas de los heroes de la mitología aMadrid : bAnaya, c2002 a173 p.0 aTus libros, cuentos y leyendas14aCUENTOS INFANTILES FRANCESES14aLEYENDAS INFANTILES14aMITOLOGIA - CUENTOS INFANTILES